| 000 | 00635nam a2200193 4500 | ||
|---|---|---|---|
| 001 | 125722 | ||
| 003 | ES-MaACL | ||
| 005 | 20230906192704.0 | ||
| 007 | t| | ||
| 008 | 070214s1936 sp r ||||1| spa d | ||
| 100 | 1 |
_aRatti-Kámeke, Richard. _995537 |
|
| 245 | 1 | 0 |
_aEjercicios de terminología alemana de Derecho y de ciencias económicas y sociales / _cRichard Ratti-Kámeke. |
| 260 |
_aBarcelona : _bBiblioteca Ratti, _c1936. |
||
| 300 |
_aVIII, 150 p. : _bil. ; _c21 cm. |
||
| 490 | 1 |
_aBiblioteca ratti ; _v15 |
|
| 830 | 0 |
_aBiblioteca ratti ; _v15 _9186662 |
|
| 852 |
_aES-MaACL _jF-16101 _bR.20791 |
||
| 999 |
_c125722 _d125722 |
||